Los obispados de México frente a la reforma liberal /

Guardado en:
书目详细资料
主要作者: Olveda, Jaime (coordinación)
格式: 图书
语言:西班牙语
出版: Guadalajara, México : Oaxaca, México : México : El Colegio de Jalisco ; Universidad Autónoma Benito Juárez de Oaxaca ; Universidad Autónoma Metropolitana, 2007, c2007
标签: 添加标签
没有标签, 成为第一个标记此记录!

MARC

LEADER 00000nam^a2200000^a^4500
001 000423641
005 20250526000000.0
009 20260310122632.292
020 |a 970-9749-15-3 
037 |a Acervo ITESO - Biblioteca 
041 |a ESP 
091 |a FHM. 01303 
100 |a Olveda, Jaime  |e (coordinación) 
245 1 4 |a Los obispados de México frente a la reforma liberal / 
264 4 |a Guadalajara, México :  |b El Colegio de Jalisco ;  |a Oaxaca, México :  |b Universidad Autónoma Benito Juárez de Oaxaca ;  |a México :  |b Universidad Autónoma Metropolitana,  |c 2007, c2007 
300 |a 397 p. ;  |c 23.0 cm. 
336 |a texto  |b txt  |2 rdacontenido 
337 |a sin mediación  |b n  |2 rdamedio 
338 |a volumen  |b nc  |2 rdasoporte 
649 |a XX 
910 |a Fondo Hugo B. Margáin 
920 |a Impresos - Libros 
930 |a Libros Antiguos y Raros 
905 |a 126 
901 |a 0500303854  |b IT2  |c LRA  |i D117298  |u 20250526 
902 |a https://opac.biblio.iteso.mx/vufind/Record/000423641